000 00403nmm a2200145Ia 4500
008 251105s9999||||xx |||||||||||||||||und||
041 _aeng
100 _aPuig, Rosa
245 0 _aBarcelona Graffiti
264 _a[Madrid, España] :
_bEditorial Gustavo Gili,
_c2012
300 _a145 páginas
650 _aArts in general
856 _uhttps://public.digitaliapublishing.com/a/41374
942 _cCF
999 _c104569
_d104569